| 000 | 00368nam a2200121 4500 | ||
|---|---|---|---|
| 999 |
_c11338 _d11338 |
||
| 008 | 181116b ||||| |||| 00| 0 eng d | ||
| 100 |
_932586 _aJaymalin, Mayen |
||
| 245 |
_aDole: 4 M Pinoy youths unemployed,out of school/ _cMayen Jaymalin |
||
| 260 |
_aPhilippines _bThe Philippine Star _cc2017 |
||
| 300 | _apage 6. | ||
| 650 | 0 |
_932587 _aEmployment. |
|
| 942 |
_2ddc _cPER |
||